| 000 | 00990nam a2200325Ia 4500 | ||
|---|---|---|---|
| 003 | OSt | ||
| 005 | 20221006144517.0 | ||
| 006 | a|||||r|||| 00| 0 | ||
| 007 | ta | ||
| 008 | 221006b |||||||| |||| 00| 0 eng d | ||
| 020 |
_a0472086790 _c _16.50 |
||
| 020 | _a9780472086795 | ||
| 024 | _a11,859 | ||
| 037 | _cTextual | ||
| 040 |
_aEASL _cEASL _beng |
||
| 041 |
_2eng _aeng |
||
| 082 | _aV2:195.N47, L7 | ||
| 100 | _aMurphey Rhoads | ||
| 245 | 0 |
_aOutsiders _b Western experience in India and China |
|
| 260 |
_aAnn Arbor _bThe University of Michigan Press _c1977 |
||
| 300 |
_a300p. _ccm. |
||
| 490 |
_v Gen _aMichigan Studies on China |
||
| 650 |
_a East and West _9367687 |
||
| 650 |
_a Europe - Foreign relations - China _9652170 |
||
| 650 | _a Gen | ||
| 650 |
_a India - Foreign relations - Europe _9652171 |
||
| 650 |
_aIndia - History - British occupation _9652172 |
||
| 942 |
_hV2:195.N47, L7 _cTEXL _2CC |
||
| 999 |
_c1079945 _d1079945 |
||